000 00580nam a2200205Ia 4500
005 20230127111513.0
008 131103s9999 xx 000 0 und d
020 _cRs.20
040 _aLoreto College
041 _aEnglish
082 _a954.01
_bJAI
100 _aJain,Ram Chandra
245 4 _aThe most ancient Aryan Society
_cRam Chandra Jain
260 _aRajasthan
_bInstitute Of Bharatalogical Research
_c1964
300 _axii,311 p.
504 _aIncludes index and bibliographical references
650 _aAncient Indian History
850 _aLCLIB
942 _cBK
999 _c9245
_d59724